000
00215 a2200097 4500
001
18770
100
_a
Holden, I
245
_a
Network planning in management
260
_a
_b
Hutchinson
_c
1970
090
_c
13916
_d
13916
942
_a
NUST-CAE
_c
M
_c
4354
999
_c
253843
_d
253843